| 000 | 00000nam##2200000za#4500 |
| 001 | 9.534379 |
| 003 | CaOODSP |
| 005 | 20200327073857 |
| 007 | ta |
| 008 | 150406|2001||||xxc||||| f|0| 0 fre|d |
| 020 | |a0-660-61473-1 |
| 040 | |aCaOODSP|bfre |
| 041 | |aeng |
| 041 | |afre |
| 043 | |an-cn--- |
| 086 | 1 |aBT31-2/2002-III-36 |
| 110 | 1 |aCanada. |bConseil du trésor. |
| 245 | 10|aAgence des douanes et du revenu du Canada |
| 260 | |aOttawa - Ontario : |bSecrétariat du Conseil du Trésor du Canada |c2001. |
| 300 | |aTexte français, 69p. : |borganigramme, tableaux ; |c28 cm. |
| 490 | 1 |aBudget des dépenses 2001-2002, partie III: rapport sur les plans et les priorités |
| 546 | |aBilingue |
| 563 | |aCouverture souple |
| 590 | |a01-14|b2001-04-06 |
| 691 | 07|aPrévisions budgétaires|2gcpds |
| 776 | 0#|tCanada Customs and Revenue Agency, 2001-2002 estimates, report on plans and priorities |w(CaOODSP)9.568402 |
| 776 | 0#|tAgence des douanes et du revenu du Canada, budget des dépenses 2001-2002, rapport sur les plans et les priorités |w(CaOODSP)9.599691 |
| 791 | |tCanada Customs and Revenue Agency |eeng|w(CaOODSP)9.534378 |
| 830 | #0|aBudget des dépenses 2001-2002, partie III: rapport sur les plans et les priorités.|w(CaOODSP)9.508967 |